[Event "19th Prague Open-A 2020"]
[Site "Prague"]
[Date "2020.01.10"]
[Round "1.12"]
[White "Malovanyi, Yulian"]
[Black "Thorsteinsdottir, Gudlaug"]
[Result "1/2-1/2"]
[WhiteElo "2360"]
[BlackElo "1958"]
[Annotator "TA"]
[PlyCount "80"]
[EventDate "2020.01.10"]
[EventType "swiss"]
[EventCountry "CZE"]
[SourceTitle "playchess.com"]
[Source "ChessBase"]
[SourceQuality "1"]

{[%evp 19,80,14,23,16,22,13,19,11,11,0,4,-24,-24,-20,-14,-14,-14,-20,-14,-36,-20,-30,-22,-62,-63,-113,-24,-26,-25,-26,0,0,0,0,0,-17,0,-81,-10,-34,-22,-22,0,0,0,0,0,0,0,0,5,0,-5,-6,-11,-401,0,0,0,0,0,0,0]} 1. e4 e5 2. Bc4 Nf6 3. d3 Nc6 4. Nc3 d6 5. f4 exf4 6. Bxf4 Na5 7. Bb3 Nxb3 8. axb3 Be7 9. Nf3 O-O 10. O-O c6 11. h3 {C28: Vienna Game: 2...Nf6 3 Bc4 Nc6} (11. Ne2 a6 12. Ng3 Ng4 13. h3 Nf6 14. Qd2 Be6 15. Rae1 Kh8 16. Nf5 Bxf5 17. exf5 a5 18. Bh2 a4 19. bxa4 Rxa4 {1-0 (35) Lu,S (2615)-Abergel,T (2475) St Petersburg 2016}) 11... Be6 12. Qd2 d5 $146 ({Predecessor:} 12... b5 13. Ra6 Bc8 14. Raa1 Nh5 15. Bh2 g6 16. Ne2 Ng7 17. Kh1 f5 18. e5 Re8 {1-0 (48) Lengyel,B (2324)-Salem,A (2214) Budapest 2007}) 13. e5 Nd7 14. d4 f6 15. Rae1 fxe5 16. Nxe5 Nxe5 17. Bxe5 Bf5 18. Rf3 Bg5 19. Qe2 {Hoping for Ref1.} Bg6 20. Rxf8+ Qxf8 21. Rf1 Qe7 22. Nd1 Rf8 (22... Bf6 $1 $17 23. c3 Re8) 23. Rxf8+ $11 Qxf8 24. c4 h5 25. cxd5 cxd5 26. Nc3 Qf7 27. Nb5 b6 28. Nd6 (28. Nc3 $11 {remains equal.}) 28... Qf8 ({Better is} 28... Qc7 $1 $17 {Threatening ...Qc1+.} 29. Qd1 Qc1 $1 {[%mdl 512]} 30. Qxc1 Bxc1) 29. Kh1 Kh7 30. Nb5 Qf7 31. Nc3 Kh6 32. b4 h4 33. Bh2 Bh5 34. Qe5 Qf1+ 35. Bg1 {[#]} Bf3 $1 {[%csl Gf3][%cal Rf1g2][%mdl 512]} 36. Qh2 (36. gxf3 Qxf3+) 36... Be4 37. Qd6+ $1 {[#]} g6 $2 (37... Kh5 $1 $19 {[%csl Ge4][%cal Rf1g2]} 38. Nxe4 dxe4) 38. Nxe4 {The position is equal.} dxe4 39. Qe5 {[%cal Re5h8]} Be3 {[%csl Ge3][%cal Rf1g1]} 40. Qh8+ Kg5 {Accuracy: White = 59%, Black = 41%.} 1/2-1/2

[Event "19th Prague Open-A 2020"]
[Site "Prague"]
[Date "2020.01.10"]
[Round "1.13"]
[White "Kolchin, Maxim"]
[Black "Mis, Mieszko"]
[Result "0-1"]
[WhiteElo "1956"]
[BlackElo "2349"]
[Annotator "TA"]
[PlyCount "40"]
[EventDate "2020.01.10"]
[EventType "swiss"]
[EventCountry "CZE"]
[SourceTitle "playchess.com"]
[Source "ChessBase"]
[SourceQuality "1"]

{[%evp 13,40,4,64,-2,2,-33,-29,-27,-33,-32,-28,-37,-23,-98,-75,-91,-72,-94,-78,-310,-314,-318,-325,-606,-594,-598,-582,-1270,-1256]} 1. d4 Nf6 2. Nf3 g6 3. Bg5 Bg7 4. c3 O-O 5. Nbd2 d6 6. e4 Nc6 7. Bd3 e5 (7... h6 $11 8. Bxf6 Bxf6) 8. d5 {A48: 1 d4 Nf6 2 Nf3 g6: Torre, London and Colle Systems} (8. h3 $14) (8. O-O h6 9. Bh4 exd4 10. cxd4 g5 11. Bg3 Nh5 12. d5 Ne7 13. Nb3 Nxg3 14. hxg3 Bxb2 15. Rb1 Bg7 {1-0 (30) Van Foreest,J (2548)-Sethuraman,S (2640) Berlin 2015}) 8... Ne7 $11 9. h3 Nh5 10. g4 $146 {Black has an edge.} ({Predecessor:} 10. g3 f6 11. Be3 f5 12. Qc2 f4 13. gxf4 Nxf4 14. Bxf4 Rxf4 15. O-O-O Qf8 {0-1 (53) Paquette,J (1272)-Wang,Y (2033) San Francisco 2014}) 10... Nf4 11. Bxf4 exf4 12. Qb3 c6 13. O-O-O (13. a4 $11 {keeps the balance.}) 13... b5 14. dxc6 a6 15. Nd4 Qb6 16. Ne2 $2 {[#]} ({Don't go for} 16. Nc4 $2 Qc5 $19) (16. Qb4 $17) 16... Be6 $1 $19 {[%cal Re6b3]} 17. Qa3 Nxc6 18. Nxf4 $2 (18. Kb1 a5 19. c4) 18... b4 {Black is clearly winning.} 19. cxb4 Nxb4 {aiming for ...Qc5+.} 20. b3 {[#]} Qd4 $1 {[%mdl 512] Accuracy: White = 11%, Black = 97%.} 0-1

[Event "19th Prague Open-A 2020"]
[Site "Prague"]
[Date "2020.01.10"]
[Round "1.14"]
[White "Priehoda, Vitezslav"]
[Black "Sovina, Maria"]
[Result "1-0"]
[WhiteElo "2341"]
[BlackElo "1943"]
[Annotator "RC"]
[PlyCount "101"]
[EventDate "2020.01.10"]
[EventType "swiss"]
[EventCountry "CZE"]
[SourceTitle "playchess.com"]
[Source "ChessBase"]
[SourceQuality "1"]
[TimeControl "40/5400+30:1800+30"]

1. c4 {[%emt 0:00:00]} c5 {[%emt 0:00:00]} 2. Nc3 {[%emt 0:00:00]} Nc6 {[%emt 0:00:00]} 3. g3 {[%emt 0:00:29]} g6 {[%emt 0:00:00]} 4. Bg2 {[%emt 0:00:07]} Bg7 {[%emt 0:00:00]} 5. a3 {[%emt 0:01:51]} e6 {[%emt 0:01:00]} 6. d3 {[%emt 0:02:52]} Nge7 {[%emt 0:01:14]} 7. Nf3 {[%emt 0:00:39]} O-O {[%emt 0:04:33]} 8. Bg5 {[%emt 0:06:15]} h6 {[%emt 0:05:18]} 9. Bd2 {[%emt 0:00:05]} d5 {[%emt 0:01:16]} 10. cxd5 {[%emt 0:01:34]} Nxd5 {[%emt 0:04:13]} 11. O-O {[%emt 0:04:33]} b6 {[%emt 0:10:07]} 12. Rb1 {[%emt 0:08:07]} Bb7 {[%emt 0:04:30]} 13. Nxd5 {[%emt 0:00:29]} Qxd5 {[%emt 0:01:45]} 14. b4 {[%emt 0:02:28]} cxb4 {[%emt 0:00:54]} 15. axb4 {[%emt 0:00:05]} Nd4 {[%emt 0:01:56]} 16. Ne1 {[%emt 0:07:31]} Qd7 {[%emt 0:00:40]} 17. Bxb7 {[%emt 0:00:42]} Qxb7 {[%emt 0:00:02]} 18. Nc2 {[%emt 0:03:36]} Nxc2 {[%emt 0:05:08]} 19. Qxc2 {[%emt 0:00:04]} Rfc8 {[%emt 0:03:09]} 20. Qb3 {[%emt 0:00:19]} Rc7 {[%emt 0:04:26]} 21. Rfc1 {[%emt 0:02:44]} Rac8 {[%emt 0:01:00]} 22. b5 {[%emt 0:00:24]} Rxc1+ {[%emt 0:10:09]} 23. Rxc1 {[%emt 0:00:06]} Rxc1+ {[%emt 0:00:03]} 24. Bxc1 {[%emt 0:00:06]} Qc8 {[%emt 0:07:20]} 25. Be3 {[%emt 0:09:42]} h5 {[%emt 0:04:31]} 26. Kg2 {[%emt 0:10:25]} Qb7+ {[%emt 0:05:28]} 27. f3 {[%emt 0:00:10]} Qc7 {[%emt 0:00:20]} 28. Bf2 {[%emt 0:06:37]} Qe5 {[%emt 0:01:50]} 29. e4 {[%emt 0:00:49]} Qc3 {[%emt 0:01:29]} 30. Qxc3 {[%emt 0:01:06]} Bxc3 {[%emt 0:00:02]} 31. g4 {[%emt 0:00:07]} hxg4 {[%emt 0:08:02]} 32. fxg4 {[%emt 0:00:02]} e5 {[%emt 0:01:07]} 33. Bh4 {[%emt 0:02:35]} Kf8 {[%emt 0:03:10]} 34. Bf6 {[%emt 0:01:48]} Ke8 {[%emt 0:01:07]} 35. h4 {[%emt 0:00:23]} Kd7 {[%emt 0:02:29]} 36. h5 {[%emt 0:00:07]} gxh5 {[%emt 0:00:05]} 37. gxh5 {[%emt 0:00:04]} Ke6 {[%emt 0:00:06]} 38. Bh4 {[%emt 0:03:29]} Bd2 {[%emt 0:00:53]} 39. Kf3 {[%emt 0:00:07]} Bh6 {[%emt 0:03:05]} 40. Kg4 {[%emt 0:03:50]} f6 {[%emt 0:01:28]} 41. Be1 {[%emt 0:30:06]} Bg5 {[%emt 0:31:05]} 42. Bb4 {[%emt 0:00:23]} Bh6 {[%emt 0:01:36]} 43. Ba3 {[%emt 0:00:11]} Be3 {[%emt 0:01:25]} 44. Bf8 {[%emt 0:03:37]} Kf7 {[%emt 0:00:26]} 45. Bd6 {[%emt 0:00:12]} Ke6 {[%emt 0:02:01]} 46. Bb8 {[%emt 0:02:40]} Kd7 {[%emt 0:01:34]} 47. Kf5 {[%emt 0:00:07]} Kc8 {[%emt 0:00:41]} 48. Bd6 {[%emt 0:00:38]} Kd7 {[%emt 0:00:23]} 49. Bb4 {[%emt 0:00:24]} Bg5 {[%emt 0:00:19]} 50. Kg6 {[%emt 0:00:22]} Ke6 {[%emt 0:00:10]} 51. Bf8 {[%emt 0:00:13]} 1-0

[Event "19th Prague Open-A 2020"]
[Site "Prague"]
[Date "2020.01.10"]
[Round "1.15"]
[White "Hlavina, Matous"]
[Black "Domogaev, Sergey"]
[Result "0-1"]
[WhiteElo "1942"]
[BlackElo "2334"]
[Annotator "TA"]
[PlyCount "58"]
[EventDate "2020.01.10"]
[EventType "swiss"]
[EventCountry "CZE"]
[SourceTitle "playchess.com"]
[Source "ChessBase"]
[SourceQuality "1"]

{[%evp 9,58,8,27,28,27,5,9,2,4,0,0,-13,-17,-54,-71,-53,-27,-68,-24,-84,-81,-97,-93,-87,-57,-59,-53,-58,0,-87,-62,-102,-58,-333,-326,-307,-285,-253,-300,-552,-545,-578,-579,-639,-503,-502,-510,-505,-514,-521,-494]} 1. e4 a6 2. d4 c5 3. Nf3 cxd4 4. Nxd4 Nf6 5. Bd3 e5 6. Nb3 {B28: Sicilian: 2 Nf3 a6 (O'Kelly Variation)} Be7 (6... d5 7. exd5 Qxd5 8. O-O Be6 9. Nc3 Qc6 10. Qe2 Nbd7 11. f4 Bd6 12. Kh1 O-O 13. f5 Bd5 14. Nxd5 Qxd5 {0-1 (38) Gaifullin,A (2448)-Khismatullin,D (2627) Yaroslavl 2018}) 7. Nc3 O-O 8. Be3 {The position is equal.} d6 9. f3 Be6 10. Qd2 Nbd7 {[%cal Bb8d7,Bd7c5,Bc5a4,Ba4c3][%mdl 32]} 11. g4 b5 12. g5 Nh5 (12... b4 $5 {[%cal Rb4c3]} 13. gxf6 bxc3 14. Qxc3 Bxf6 $15) 13. h4 $146 ({Predecessor:} 13. Be2 b4 14. Nd5 Bxd5 15. exd5 Nf4 16. Bxf4 exf4 17. Qxf4 Bxg5 {0-1 (34) Barker,S-Tasdelen,D (1986) ICC INT 2009}) 13... Nc5 14. Be2 (14. Nd5 $11) 14... Na4 {...Ng3 is the strong threat.} 15. O-O-O Nxc3 16. Qxc3 Rc8 17. Qd2 Qc7 18. Kb1 Rfd8 (18... Ng3 $15 19. Rhg1 Nxe2 20. Qxe2 a5) 19. Rc1 (19. Bd3 $1 $11) 19... d5 $36 {[%mdl 2048] Black fights for an advantage.} 20. Qe1 b4 21. Qf2 $2 {[%mdl 8192]} (21. exd5 $1 $15 Rxd5 22. c4 (22. Bxa6 Ra8 $17)) 21... d4 $19 22. Bd2 a5 23. f4 Nxf4 24. Nxd4 $2 (24. Bxf4 {was worth a try.} exf4 25. Rhf1) 24... Qb6 {[%mdl 64] [#] Pin. Black is clearly winning.} (24... Rxd4 $2 25. Bxf4 Rxe4 26. Be3 $17) ({Less strong is} 24... Nxe2 25. Nxe6 Rxd2 26. Nxc7 $17) 25. Be3 Bc5 {[%mdl 64] Pin} ({Weaker is} 25... exd4 26. Bxf4 a4 27. Bd3 $15) 26. Nf5 Bxf5 27. Bxc5 Qxc5 28. Qxc5 Rxc5 29. Rcd1 {[%cal Rd1d8] [#]} Rb8 {Accuracy: White = 21%, Black = 67%.} 0-1

[Event "19th Prague Open-A 2020"]
[Site "Prague"]
[Date "2020.01.10"]
[Round "1.16"]
[White "Vokac, Marek"]
[Black "Fiser, Jiri"]
[Result "1-0"]
[WhiteElo "2334"]
[BlackElo "2134"]
[Annotator "TA"]
[PlyCount "41"]
[EventDate "2020.01.10"]
[EventType "swiss"]
[EventCountry "CZE"]
[SourceTitle "playchess.com"]
[Source "ChessBase"]
[SourceQuality "1"]

{[%evp 17,41,37,33,20,105,84,116,114,116,128,127,118,117,91,92,96,81,91,93,86,110,116,111,116,119,108]} 1. c4 e5 2. Nf3 Nc6 3. Nc3 g6 4. d4 exd4 5. Nxd4 Bg7 6. Nxc6 bxc6 7. g3 Nf6 8. Bg2 O-O 9. O-O Bb7 10. Qa4 {A29: English Opening: Four Knights Variation with 4 g3} (10. Qb3 Qc8 11. Rd1 d6 12. Be3 Re8 13. Bd4 Nd7 14. Rac1 Bxd4 15. Rxd4 Rb8 16. Qc2 c5 17. Bxb7 Qxb7 {½-½ (44) Zaragatski,I (2494)-Godard,M (2348) Naujac 2013}) 10... d5 (10... Re8 $11) 11. Rd1 {White is better.} Re8 $146 ({Predecessor:} 11... Qe8 12. Bf4 Qe7 13. Rd2 Rfd8 14. Rad1 a6 15. Qa5 Rac8 16. Bh3 Ra8 17. Bxc7 Re8 18. cxd5 cxd5 {1-0 (30) Gaspar,A (2210)-Leite Oralova,C Lisbon 1997}) 12. Bg5 {Threatens to win with cxd5.} h6 13. cxd5 cxd5 {[#]} 14. Bxd5 $1 {[%mdl 512]} Bxd5 15. Bxf6 Qxf6 16. Rxd5 Qb6 17. Rd2 Bxc3 18. bxc3 Red8 19. Rad1 Rxd2 20. Rxd2 Rb8 21. Qc4 {Accuracy: White = 84%, Black = 32%.} 1-0

[Event "19th Prague Open-A 2020"]
[Site "Prague"]
[Date "2020.01.11"]
[Round "2.1"]
[White "Quesada Perez, Luis Ernesto"]
[Black "Pavlidou, Ekaterini"]
[Result "1-0"]
[WhiteElo "2491"]
[BlackElo "2160"]
[Annotator "TA"]
[PlyCount "119"]
[EventDate "2020.01.10"]
[EventType "swiss"]
[EventCountry "CZE"]
[SourceTitle "playchess.com"]
[Source "ChessBase"]
[SourceQuality "1"]

{[%evp 16,119,36,15,25,16,40,29,53,41,42,48,81,81,96,93,118,76,114,80,118,89,111,102,112,118,194,89,118,98,166,100,104,89,79,80,92,86,108,106,105,101,99,100,110,103,108,104,106,110,144,112,189,111,122,0,164,99,130,120,112,118,126,105,120,104,95,94,95,89,214,214,214,205,283,278,267,309,311,260,299,284,348,327,454,431,420,319,540,522,631,623,954,849,1163,1243,1180,1186,1112,2431,29980,29981,29981,29982,29982,29980]} 1. Nf3 Nf6 2. c4 e6 3. g3 d5 4. Bg2 c6 5. b3 Be7 6. O-O O-O 7. Bb2 a5 8. Nc3 Nbd7 9. d4 b6 {A14: English Opening: 1...e6 with b3 by White} (9... Rb8 10. Ne5 Bd6 11. f4 Ne8 12. e3 Bb4 13. Ne2 Be7 14. Qc2 Nd6 15. g4 f6 16. Nxd7 Bxd7 17. f5 {1-0 (69) Grandelius,N (2687)-Saduakassova,D (2461) Reykjavik 2019}) 10. Nd2 Ba6 11. e4 b5 {[%cal Rb5c4] White has an edge.} 12. exd5 exd5 {[%cal Rb5c4]} 13. cxb5 {[%mdl 64] Overworked Piece} cxb5 $146 ({Predecessor:} 13... Bxb5 14. Nxb5 cxb5 15. Qe2 Bb4 16. Nf3 Qb6 17. Ne5 {½-½ (55) Seeman,T (2420)-Solozhenkin,E (2488) Finland 2010}) 14. Nxd5 Nxd5 15. Bxd5 Ra7 16. Bg2 Nb6 17. Rc1 a4 18. Re1 a3 19. Ba1 Nd5 20. Nf1 b4 (20... Bb7 $16) 21. Ne3 (21. Bxd5 $1 $18 {is the precise move to win.} Qxd5 22. Ne3) 21... Bb7 22. Qe2 Bf6 {[#]} (22... Ba6 $16 23. Qf3 Nxe3 24. Qxe3 Bg5) 23. Qb5 (23. Bxd5 $1 $18 Bxd5 24. Qb5) 23... Nxe3 $16 24. fxe3 Bxg2 25. Kxg2 Re7 26. d5 Bb2 {[#]} 27. Bxb2 $1 axb2 28. Rb1 Re5 29. Qxb4 Qxd5+ 30. e4 Qc6 31. Rxb2 Rfe8 {[%cal Re5e4]} 32. Qc4 Qb7 {[%cal Re5e4]} 33. Rbe2 Kh8 (33... h5 $16 {was worth a try.} 34. b4 Qd7) 34. Kg1 (34. b4 $18) 34... Qa7+ 35. Kg2 Qb7 $1 36. Rc2 (36. b4 $18) 36... f5 37. Qc6 Qb4 38. Re3 fxe4 39. Rf2 Qe7 40. Rf4 Re6 41. Qc4 h6 42. a4 g5 (42... Qa7 $16 43. Qe2 (43. Rexe4 Rxe4 44. Rxe4 Qa8 $16) (43. Rfxe4 Qb7 $11) 43... Qc5) 43. Rf2 $18 Qa7 44. Qc3+ Kg8 45. a5 Qa6 46. b4 (46. Qc7 $6 R6e7 $18) 46... Qb5 47. Qd4 Qc6 48. Rd2 ({Don't do} 48. Qa7 $6 R8e7 $18) 48... Qb5 49. Rc2 Rf8 {[%csl Gf8][%cal Rb5f1]} 50. Qc4 Qf5 51. a6 {[%cal Ba5a6,Ba6a7][%mdl 32]} Kh7 $2 (51... Kg7 {is a better defense.} 52. Ra2 Rc6) 52. b5 {[%cal Bb4b5,Bb5b6][%mdl 32]} Re5 {...Rc5! is the strong threat.} 53. Rb2 g4 54. a7 Rc8 55. Qf1 ({Not} 55. Rf2 Rxc4 56. a8=Q (56. Rxf5 Rxf5 57. a8=Q Rc2+ 58. Kg1 Rc1+ 59. Kg2 Rc2+ 60. Kg1 Rc1+ 61. Kg2 Rc2+ $11) 56... Qd7 $14) 55... Qh5 56. b6 Rf5 57. Qb1 (57. Qa1 $142) 57... Qh3+ 58. Kg1 {White mates.} Rcf8 59. Re1 Kg7 60. Qa1 {Accuracy: White = 65%, Black = 42%.} 1-0

[Event "19th Prague Open-A 2020"]
[Site "Prague"]
[Date "2020.01.11"]
[Round "2.2"]
[White "Chudinovskikh, Alexander M"]
[Black "Stankovic, Milos"]
[Result "0-1"]
[WhiteElo "2157"]
[BlackElo "2466"]
[Annotator "TA"]
[PlyCount "118"]
[EventDate "2020.01.10"]
[EventType "swiss"]
[EventCountry "CZE"]
[SourceTitle "playchess.com"]
[Source "ChessBase"]
[SourceQuality "1"]

{[%evp 13,118,6,4,-10,-10,-10,-6,-11,-11,-11,-9,-11,-5,-5,-3,-34,-33,-28,-35,-29,-25,-39,0,0,0,-11,0,0,0,0,0,0,43,0,0,0,0,0,47,-4,-11,-29,0,0,0,-49,0,-17,0,-64,-10,-6,0,0,0,-8,0,0,0,0,0,-74,0,0,33,0,31,-310,-318,-334,-305,-435,-433,-412,-403,-459,-458,-654,-644,-577,-379,-325,-284,-288,-283,-274,-235,-279,-269,-459,-444,-425,-410,-406,-414,-370,-156,-662,-646,-616,-612,-734,-719,-897,-891,-801,-757]} 1. e4 e6 2. d4 d5 3. exd5 exd5 4. Nf3 Bd6 5. c4 Nf6 6. Nc3 O-O 7. cxd5 Nbd7 8. Bc4 {C01: French: Exchange Variation} (8. Bg5 h6 9. Bh4 Nb6 10. Ne5 Be7 11. Bd3 Nfxd5 12. Bxe7 Nxe7 13. O-O Bf5 14. Bxf5 Nxf5 15. Qf3 Nd6 {½-½ (43) Nisipeanu,L (2682)-Ragger,M (2666) Graz 2018}) 8... Re8+ 9. Be3 Ng4 10. O-O {The position is equal.} Nxe3 11. fxe3 Rxe3 12. Qd2 Re8 13. Rae1 Rxe1 14. Rxe1 $146 (14. Qxe1 {seems wilder.} Nf6 15. Ne5 Bd7 16. Qh4 Qe7 17. Nxd7 Qe3+ 18. Qf2) ({Predecessor:} 14. Qxe1 Nf6 15. Ne5 a6 {½-½ (85) Chudinovskih,A (2184)-Spiess,G (2414) Prague 2019}) 14... Nf6 15. Ne5 Bf5 16. h3 Bg6 17. a3 Nh5 18. g4 Nf6 $1 19. Qf2 a6 20. Re3 Nd7 21. Re2 b5 22. Ba2 Nf8 23. h4 (23. Ne4 $5 {[%cal Re5c6]}) 23... h5 24. g5 Qc8 25. Re3 Rb8 26. Nc6 (26. Ne4 $14) 26... Qg4+ $11 27. Qg2 (27. Kf1 $5 {[%cal Rc6b8]} Ra8 28. Bb3 $11) 27... Qf4 28. Qf2 {Black must now prevent Qxf4.} Qg4+ 29. Qg2 {aiming for Qxg4.} Qf4 30. Qf2 {Qxf4 is the strong threat.} Ra8 31. Ne2 (31. Bb3 $11) 31... Qxf2+ (31... Qg4+ $15 32. Kf1 Nd7) 32. Kxf2 f6 33. gxf6 gxf6 34. Kf3 Kf7 35. Nf4 Bc2 36. Ne6 Ng6 37. Ke2 (37. Ncd8+ $11 Kg8 38. Kf2) 37... Bf5 (37... Nxh4 $17 {And now ...Nf5 would win.} 38. Nxc7 Rh8) 38. Nxc7 Nf4+ 39. Kd1 Rg8 {[#] Hoping for ...Rg1+.} 40. Ne6 $2 {[%mdl 8192] [#]} (40. Re7+ $1 $14 {[%mdl 512] is the one way to stay ahead.} Bxe7 41. d6+ Ne6 42. dxe7) 40... Rg1+ $1 $19 41. Kd2 Rg2+ 42. Kc3 (42. Kd1 {was called for.} Rxb2 43. Ncd8+ Kg8 44. Nb7) 42... Ne2+ ({Less strong is} 42... Rc2+ 43. Kb3 $19) 43. Kd2 Nxd4+ 44. Kc3 Ne2+ 45. Kd2 (45. Rxe2 $142 Rxe2 46. Ned4 Re3+ 47. Kd2 Rd3+ 48. Ke2) 45... Nf4+ 46. Kd1 Bg4+ 47. Kc1 Ne2+ 48. Kd2 Nd4+ 49. Kc3 Nf5 50. Ned8+ Kf8 51. Re1 $2 (51. Re6 Rg3+ 52. Kd2) 51... Rg3+ 52. Kc2 Nxh4 53. Ne6+ Kg8 54. Ned4 Bd7 (54... Nf5 $19 55. Nxf5 Bxf5+ 56. Kd2 Kg7) 55. Re7 $2 (55. Rf1 $17) 55... Bxe7 {Black is clearly winning.} 56. d6+ Kf8 57. dxe7+ Ke8 58. Be6 Bxc6 59. Nxc6 Ng6 {Accuracy: White = 42%, Black = 57%.} 0-1

[Event "19th Prague Open-A 2020"]
[Site "Prague"]
[Date "2020.01.11"]
[Round "2.3"]
[White "Cernousek, Lukas"]
[Black "Pribylova, Sofie"]
[Result "1-0"]
[WhiteElo "2447"]
[BlackElo "2156"]
[Annotator "TA"]
[PlyCount "35"]
[EventDate "2020.01.10"]
[EventType "swiss"]
[EventCountry "CZE"]
[SourceTitle "playchess.com"]
[Source "ChessBase"]
[SourceQuality "1"]

{[%evp 9,35,16,25,7,55,53,98,36,54,63,88,76,66,76,325,339,358,337,355,362,415,415,808,775,811,776,852,851]} 1. Nf3 Nf6 2. c4 g6 3. Nc3 d5 4. cxd5 Nxd5 5. Qc2 (5. Qb3 Nb6 6. d4 Bg7 7. e4 Bg4 8. Bb5+ c6 9. Ng5 O-O 10. Be2 Bxe2 11. Nxe2 c5 12. dxc5 N6d7 13. Qxb7 Qa5+ 14. Bd2 Qa6 15. c6 Qxc6 16. Qxc6 Nxc6 {½-½ (91) Navara,D (2707)-Wei,Y (2725) Jerusalem 2019}) 5... Nc6 $146 ({Predecessor:} 5... Nb4 6. Qa4+ N8c6 7. d4 Bg7 {1-0 (13) Saric,A (2573)-Vujakovic,B (2347) Zagreb 2015}) 6. d4 {A16: English Opening: 1...Nf6 with ...d5} Bg7 7. e4 Ndb4 {[#]} 8. Qa4 (8. Qb3 $1 $16) 8... Bd7 $1 $14 9. Qb3 $1 {Threatens to win with d5.} (9. d5 $2 Nd4 $19) 9... Bxd4 {[#]} 10. Nd5 $1 {[%cal Rd5b4]} ({Don't blunder} 10. Nxd4 $2 Nxd4 11. Qd1 Ndc2+ 12. Ke2 Nxa1 $19) 10... Be6 {[%cal Rb4d5]} 11. Bc4 $1 $36 {[%mdl 2048] White has strong initiative.} ({Wrong is} 11. Nxd4 $2 Nxd4 12. Bb5+ (12. Qa4+ $2 Bd7 $19) 12... c6 $19) 11... Bc5 $2 (11... a5 $16) 12. a3 $18 Na5 13. Qc3 {[%mdl 64] Pin} Nc2+ 14. Qxc2 c6 15. Ba2 Bxf2+ (15... cxd5 $142 16. Qxc5 dxe4) 16. Qxf2 {White is clearly winning.} cxd5 17. exd5 Bxd5 18. Qd4 {[%mdl 64] Double Attack} 1-0

[Event "19th Prague Open-A 2020"]
[Site "Prague"]
[Date "2020.01.11"]
[Round "2.4"]
[White "Budnikov, Oleg"]
[Black "Lys, Josef"]
[Result "1-0"]
[WhiteElo "2432"]
[BlackElo "2152"]
[Annotator "TA"]
[PlyCount "47"]
[EventDate "2020.01.10"]
[EventType "swiss"]
[EventCountry "CZE"]
[SourceTitle "playchess.com"]
[Source "ChessBase"]
[SourceQuality "1"]

{[%evp 10,89,28,28,39,31,39,39,38,30,31,22,25,25,20,0,-4,-4,-2,-1,-5,-7,-4,0,0,0,0,0,0,0,27,23,29,0,55,56,54,49,64,56,58,60,65,63,53,68,71,0,8,4,4,4,17,24,161,161,161,161,170,147,163,149,139,128,157,145,300,293,455,434,853,1112,1098,1129,1116,1082,920,698,565,502,422,345]} 1. e4 c5 2. c3 d5 3. exd5 Qxd5 4. d4 e6 5. Nf3 Nf6 6. Na3 Bd7 {B22: Sicilian: 2 c3} (6... Nc6 7. Be3 cxd4 8. Nb5 Qd8 9. Nbxd4 Nd5 10. Bg5 f6 11. Nxc6 bxc6 12. Bd2 e5 13. Qc2 g6 14. Bd3 Bg7 15. O-O-O {1-0 (49) Giri,A (2769)-Alekseev,E (2620) Moscow 2019}) 7. Nb5 {Nc7+ is the strong threat.} Bxb5 8. Bxb5+ Nbd7 {White is slightly better.} 9. O-O cxd4 10. Qa4 a6 11. Nxd4 Bc5 12. Bc4 $146 (12. Be2 {is more complex.} Qe5 13. Bf3 Qc7 14. Qb3 Rb8 15. g3) ({Predecessor:} 12. Rd1 Bxd4 13. Bxd7+ Qxd7 14. Qxd7+ Nxd7 15. Rxd4 {½-½ (35) Bojkovic,N (2310)-Lukin,A (2445) Groningen 1991}) 12... Qe4 13. Qd1 Bxd4 14. cxd4 O-O 15. Be2 Qc6 16. Bf3 $36 {[%mdl 2048] White has good play.} Nd5 17. Qb3 N7b6 18. Bg5 Qb5 19. Rfc1 Rac8 20. Qxb5 axb5 21. Rc5 b4 (21... f6 $11 22. Be3 Rxc5 23. dxc5 Nc4) 22. b3 $14 Ra8 23. Bd2 Ra3 24. Rxd5 {Played: Bf3xd5} 1-0

[Event "19th Prague Open-A 2020"]
[Site "Prague"]
[Date "2020.01.11"]
[Round "2.5"]
[White "Pniaczek, Marek"]
[Black "Low, Zhen Yu Cyrus"]
[Result "1/2-1/2"]
[WhiteElo "2145"]
[BlackElo "2415"]
[Annotator "TA"]
[PlyCount "113"]
[EventDate "2020.01.10"]
[EventType "swiss"]
[EventCountry "CZE"]
[SourceTitle "playchess.com"]
[Source "ChessBase"]
[SourceQuality "1"]

{[%evp 10,113,33,27,33,30,26,0,0,0,0,-7,0,-6,3,-12,21,-8,0,-22,-9,-12,-7,-7,0,-6,-8,-58,-66,-51,-57,-90,-83,-90,-91,-114,-114,-107,-109,-108,-110,-112,-103,-103,-95,-97,-98,-103,-103,-103,-103,-221,-240,-233,-219,-271,0,0,0,0,0,0,0,0,0,0,0,0,0,0,0,0,0,0,0,0,0,0,0,0,0,0,0,0,0,0,0,0,0,0,0,0,0,0,0,0,0,0,0,0,0,0,0,0,0,0]} 1. e4 c6 2. Nc3 d5 3. Nf3 dxe4 4. Nxe4 Nf6 5. Qe2 Nxe4 6. Qxe4 Qa5 {B11: Caro-Kann: Two Knights Variation} 7. Bc4 Bf5 8. Qe5 Qxe5+ 9. Nxe5 e6 $1 10. c3 $146 ({Predecessor:} 10. Bd3 Bxd3 11. Nxd3 Bd6 12. b3 c5 13. Nb2 Nc6 14. Nc4 {0-1 (61) Nebolsina,V (2252)-Lupulescu,C (2643) Douglas 2019}) 10... Bd6 11. d4 a5 12. a4 Na6 13. Be3 Nc7 14. Bd3 (14. g4 {is interesting.} Be4 15. f3 Bd5 16. Be2 Bb3 17. h4) 14... Bxe5 15. Bxf5 exf5 16. dxe5 O-O-O 17. O-O Nd5 18. Rfe1 Nxe3 19. Rxe3 $15 {[%mdl 4096] Endgame KRR-KRR} Rd2 20. b4 Rhd8 21. Kf1 R8d3 22. Ke1 Rxe3+ 23. Kxd2 Rxe5 $17 {KR-KR} 24. Rb1 Kc7 25. g3 Re4 26. f3 Re6 27. Kd3 Re5 28. Kd2 h5 29. h4 Re6 30. f4 {[#]} (30. Kd3 $17) 30... Re4 $1 $19 31. Kd3 g6 32. bxa5 f6 $2 (32... Rxa4 $19 33. Re1 Kd7) 33. c4 $11 {The position is equal.} g5 34. fxg5 fxg5 35. Rf1 gxh4 36. Rxf5 Rg4 37. gxh4 Rxh4 38. Rf7+ Kb8 39. Kc3 Ka7 40. Kb4 Rh1 41. Rh7 h4 42. Rh8 h3 43. Kc5 Ra1 44. a6 b6+ 45. Kxc6 Rxa4 46. c5 Rc4 {[#]} 47. Kb5 $1 {[%csl Gb5][%cal Rc5b6][%mdl 512]} Rxc5+ 48. Kb4 Kxa6 49. Rxh3 Ra5 50. Rh8 Rg5 51. Ra8+ Kb7 52. Rh8 Rg6 53. Kb5 Rg7 54. Rh5 Rc7 55. Rh6 Rc5+ 56. Kb4 Ka6 57. Rh8 {Accuracy: White = 55%, Black = 75%.} 1/2-1/2